Statistics for Guadalajara (GDL) Airport Destinations

Click here to take the quiz!

General Stats

  • This quiz has been taken 79 times
    (32 since last reset)
  • The average score is 41 of 58

Answer Stats

Airline/sDestination% Correct
Delta AirlinesAtlanta
100%
Aeroméxico, Magnicharters, VivaAerobus, VolarisCancun
100%
American Airlines, VolarisDallas/Fort Worth
100%
United Airlines, United Express, VivaAerobus, VolarisHouston (Intercontinental)
100%
Aeroméxico, Alaska Airlines, VivaAerobus, VolarisLos Angeles
100%
Aeromar, Aeroméxico, Aeroméxico Connect, VolarisMexico City (Benito Juarez)
100%
VivaAerobusMexico City (Felipe Angeles)
100%
VolarisMiami
100%
VivaAerobus, VolarisMonterrey
100%
VolarisChicago (Midway)
94%
Aeroméxico, VivaAerobus, VolarisChicago (O'Hare)
94%
VivaAerobus, VolarisChihuahua
94%
VolarisNew York (John F. Kennedy)
94%
Copa AirlinesPanama City (Tocumen)
94%
Alaska Airlines, VolarisSan Jose (CA)
94%
Calafia Airlines, VivaAerobus, VolarisSan Jose del Cabo
94%
VolarisDenver
89%
VolarisLas Vegas
89%
VolarisOrlando
89%
American Airlines, American Eagle, VolarisPhoenix (Sky Harbor)
89%
AeroméxicoSan Francisco
89%
TAR AerolineasDurango
78%
AeromarMazatlan
78%
VivaAerobus, VolarisMerida
78%
Aeromar, TAR Aerolineas, VivaAerobusPuerto Vallarta
78%
Aeroméxico ConnectSalt Lake City
78%
Aeroméxico, Magnicharters, VivaAerobus, VolarisTijuana
78%
VolarisSeattle/Tacoma
72%
American Airlines, VolarisCharlotte
67%
TAR Aerolineas, VivaAerobus, VolarisCiudad Juarez
67%
VivaAerobusHavana
67%
AeroméxicoMadrid
67%
VolarisOaxaca
67%
TAR AerolineasQueretaro
67%
Aeroméxico, VolarisSacramento
67%
VivaAerobus, VolarisVeracruz
67%
VolarisAcapulco
61%
VolarisOakland
61%
VivaAerobusPuebla
61%
VivaAerobusVillahermosa
61%
Aeroméxico, VolarisFresno
56%
VivaAerobus, VolarisHermosillo
56%
VolarisMexicali
56%
VolarisOntario (CA)
56%
VolarisPortland (OR)
56%
VolarisSan Antonio
56%
VivaAerobus, VolarisCuliacan
50%
Aeromar, Calafia Airlines, VivaAerobus, VolarisLa Paz
50%
VivaAerobusReynosa
44%
VivaAerobus, VolarisTuxtla Gutierrez
44%
VolarisChetumal
39%
Calafia Airlines, VolarisLos Mochis
39%
VolarisReno/Tahoe
39%
VolarisCiudad Obregon
33%
VolarisPuerto Escondido
33%
AeromarMcAllen
28%
VivaAerobusTampico
22%
VolarisTapachula
11%

Score Distribution

Percentile by Number Answered

Percent of People with Each Score

Your Score History

You have not taken this quiz since the last reset